000 00730cam a2200265 4500
008 000000n2001 000 0 eng u
020 _a0860175324
035 _a(Sirsi) u110988
050 _a614.77
100 _aMasters-Williams, Hugh
245 _aControl of water pollution from construction sites: guidance for consultants and contractors.
260 _aLondon
_bCIRIA
_c2001
300 _a256p. ; 30cm.
490 _aCIRIA
_v532
650 _aPOLLUTION
650 _aEnvironment
_96238
650 _aWATER POLLUTION
650 _aGROUNDWATER
650 _aBUILDING SITES
650 _aCONSTRUCTION SITES
690 _aBUILT ENVIRONMENT
700 _aHeap, Andy
700 _aKitts, Heather
942 _n0
999 _c101173
_d101173